<?xml version="1.0" encoding="UTF-8"?>
<record
    xmlns:xsi="http://www.w3.org/2001/XMLSchema-instance"
    xsi:schemaLocation="http://www.loc.gov/MARC21/slim http://www.loc.gov/standards/marcxml/schema/MARC21slim.xsd"
    xmlns="http://www.loc.gov/MARC21/slim">

  <leader>     nam a22     7a 4500</leader>
  <datafield tag="999" ind1=" " ind2=" ">
    <subfield code="c">336741</subfield>
    <subfield code="d">336741</subfield>
  </datafield>
  <controlfield tag="003">IT-MiCISF</controlfield>
  <controlfield tag="005">20170703150341.0</controlfield>
  <controlfield tag="008">170703b        xxu||||| |||| 00| 0 eng d</controlfield>
  <datafield tag="040" ind1=" " ind2=" ">
    <subfield code="a">IT-MiCISF</subfield>
    <subfield code="c">IT-MiCISF</subfield>
  </datafield>
  <datafield tag="041" ind1=" " ind2=" ">
    <subfield code="a">it</subfield>
  </datafield>
  <datafield tag="100" ind1=" " ind2=" ">
    <subfield code="a">Serra Fabrizio</subfield>
    <subfield code="9">56539</subfield>
  </datafield>
  <datafield tag="245" ind1=" " ind2=" ">
    <subfield code="a">Operatori museali e disabilit&#xE0;</subfield>
    <subfield code="b">Come favorire una cultura dell'accoglienza</subfield>
  </datafield>
  <datafield tag="260" ind1=" " ind2=" ">
    <subfield code="a">Roma</subfield>
    <subfield code="b">Carocci</subfield>
    <subfield code="c">2017</subfield>
  </datafield>
  <datafield tag="300" ind1=" " ind2=" ">
    <subfield code="a">pp. 191</subfield>
  </datafield>
  <datafield tag="500" ind1=" " ind2=" ">
    <subfield code="a">handicap, societ&#xE0;, cultura, comunicazione, esperienze</subfield>
  </datafield>
  <datafield tag="520" ind1=" " ind2=" ">
    <subfield code="a">La partecipazione alla vita e alle attivit&#xE0; museali &#xE8; un diritto per tutti. &#xC8; necessario quindi predisporre metodi e strumenti che consentano l&#x2019;effettiva accessibilit&#xE0; dei luoghi d&#x2019;arte, non solo prevedendo l&#x2019;abbattimento delle barriere architettoniche, ma anche accrescendo le competenze relazionali di chi lavora a contatto con il pubblico. Da queste considerazioni nasce il progetto di formazione rivolto agli operatori museali, con l&#x2019;obiettivo di migliorare l&#x2019;accoglienza, l&#x2019;attenzione alla comunicazione e la cura della relazione. L&#x2019;accessibilit&#xE0; sar&#xE0; completa quando, oltre alle barriere architettoniche, saranno abbattute anche quelle relazionali, che possono generare tensioni, malumori, incomprensioni, e sar&#xE0; garantita a tutti la possibilit&#xE0; di trascorrere una giornata al museo piacevole, rilassante, edificante.</subfield>
  </datafield>
  <datafield tag="650" ind1=" " ind2=" ">
    <subfield code="a">handicap</subfield>
    <subfield code="9">56194</subfield>
  </datafield>
  <datafield tag="654" ind1=" " ind2=" ">
    <subfield code="a">saggio</subfield>
  </datafield>
  <datafield tag="700" ind1=" " ind2=" ">
    <subfield code="a">Tartaglia Franco</subfield>
    <subfield code="a">Venuti Silvio</subfield>
    <subfield code="9">56540</subfield>
  </datafield>
  <datafield tag="942" ind1=" " ind2=" ">
    <subfield code="2">ddc</subfield>
    <subfield code="c">BK</subfield>
  </datafield>
  <datafield tag="952" ind1=" " ind2=" ">
    <subfield code="0">0</subfield>
    <subfield code="1">0</subfield>
    <subfield code="2">ddc</subfield>
    <subfield code="4">0</subfield>
    <subfield code="6">A_2233_000000000000000</subfield>
    <subfield code="7">1</subfield>
    <subfield code="a">CISF</subfield>
    <subfield code="b">CISF</subfield>
    <subfield code="d">2017-07-03</subfield>
    <subfield code="l">0</subfield>
    <subfield code="o">a2233</subfield>
    <subfield code="p">9788874667628</subfield>
    <subfield code="r">2017-07-03 00:00:00</subfield>
    <subfield code="w">2017-07-03</subfield>
    <subfield code="y">BK</subfield>
  </datafield>
</record>
